000 00414nam a2200133Ia 4500
005 20260326235444.0
008 260326s9999||||xx |||||||||||||| ||und||
100 _aGonzález Mora, Felipe
245 0 _aReales fábricas de Aguardiente de caña en el Nuevo Reino de Granada /
_cFelipe González Mora
260 _bPontificia Universidad Javeriana
300 _a213 p.
650 _aARQUITECTURA REGIONAL
942 _cBK
999 _c7516
_d7516